000 00335 a2200145 4500
001 168038
020 _a
040 _cMagnum
100 _aMarin, Marilu
240 1 0 _aPrincipes dos mares x senhores das matas
_lpor
245 1 0 _aPrincipes dos mares x senhores das matas
362 0 _a1899
697 _aPARADIDATICO
942 _cBK
999 _c168038
_d168038